000 00361nam a2200145Ia 4500
008 230711s9999||||xx |||||||||||||| ||und||
041 _aENG
082 _a624
_bHA-C
100 _aHanda,S
245 0 _aCivil Engineering objective type
250 _a5th
260 _c1991
_aNew Delhi
_bSahitya Bhawan Publications 
650 _aCivil Engineering
942 _cBK
999 _c1216
_d1216